Алгоритмические вопросы алгебраических систем и ЭВМ: сборник научных трудов

Dettagli Bibliografici
Ente Autore: Иркутский государственный университет (ИрГУ)
Lingua:russo
Pubblicazione: Иркутск, Изд-во Иркутского ун-та, 1979
Soggetti:
Natura: MixedMaterials Libro
KOHA link:https://koha.lib.tpu.ru/cgi-bin/koha/opac-detail.pl?biblionumber=187220

MARC

LEADER 00000nam0a2200000 4500
001 187220
005 20231031173922.0
035 |a (RuTPU)RU\TPU\book\203146 
090 |a 187220 
100 |a 20101112d1979 km y0rusy50 ca 
101 0 |a rus 
102 |a RU 
105 |a y z 001zy 
200 1 |a Алгоритмические вопросы алгебраических систем и ЭВМ  |e сборник научных трудов  |f Иркутский государственный университет (ИрГУ) 
210 |a Иркутск  |c Изд-во Иркутского ун-та  |d 1979 
215 |a 224с. 
320 |a Библиография в конце статей 
610 1 |a математика 
610 1 |a алгебра 
610 1 |a алгебраические системы 
610 1 |a алгебраические теоремы 
610 1 |a алгоритмы 
610 1 |a решения 
610 1 |a ЭВМ 
675 |a 512  |v 3 
712 0 2 |a Иркутский государственный университет (ИрГУ)  |2 stltpush  |3 (RuTPU)RU\TPU\col\273 
801 1 |a RU  |b 63413507  |c 20101112 
801 2 |a RU  |b 63413507  |c 20101224  |g RCR 
942 |c BK